[Event "CRO-Cup"]
[Site "Pula"]
[Date "1990.??.??"]
[Round "?"]
[White "Kosanovic, Goran A"]
[Black "Hulak, Krunoslav"]
[Result "1-0"]
[WhiteElo "2405"]
[BlackElo "2560"]

1.e4 c5 2.Nf3 Nc6 3.Nc3 e6 4.d4 cxd4 5.Nxd4 Qc7 6.Be2 a6 7.f4 d6 8.Be3 Nf6
9.Qd2 Be7 10.O-O-O O-O 11.g4 Nxd4 12.Qxd4 e5 13.Qd3 exf4 14.Bxf4 Bxg4 15.Bxg4 Nxg4
16.Nd5 Qd8 17.Qg3 h5 18.Nxe7+ Qxe7 19.Bxd6 Qg5+ 20.Kb1 h4 21.Qg2 h3 22.Qg3 Rfe8
23.Bf4 Qg6 24.Rhg1 Nf6 25.Qh4 Qh5 26.Qg3 Qh7 27.e5 Nh5 28.Qg4 Rac8 29.Rd3 Nxf4
30.Qxf4 Re6 31.Rgg3 Qh5 32.a3 Qxe5 33.Qg4 f5 34.Qxh3 Rf8 35.Rg5 Rb6 36.b3 Rd6
37.Rxd6 Qxd6 38.Rxf5 Qd1+ 39.Kb2 Qd4+ 40.Ka2 Rc8 41.Rf2 Rc5 42.Qg2 Qd7 43.Qe4 Qc7
44.Re2 Qf7 45.Qd4 Rc8 46.Kb2 Qf5 47.Rg2 Qf7 48.Rg5 Qc7 49.Qd5+ Qf7 50.c4 Re8
51.Kc3 Re3+ 52.Kb4 Re6 53.Re5 Rxe5 54.Qxe5 Kh7 55.Qd6 Qe8 56.Ka5 Qe3 57.Qb4 Qf3
58.Kb6 Qc6+ 59.Ka7 b5 60.c5 Qc7+ 61.Kxa6 Qc6+ 62.Ka5 Qc7+ 63.Kxb5 Qxh2 64.Qe4+  1-0

[Event "CRO-Cup"]
[Site "Pula"]
[Date "1990.??.??"]
[Round "?"]
[White "Brkovic, Zoran"]
[Black "Paunovic, Dragan"]
[Result "1/2-1/2"]
[WhiteElo "2365"]
[BlackElo "2450"]

1.e4 c5 2.Nf3 Nc6 3.d4 cxd4 4.Nxd4 e6 5.Nc3 Qc7 6.g3 a6 7.Bg2 Nf6 8.O-O Be7
9.a4 O-O 10.Nb3 b6 11.Nd5 exd5 12.exd5 Bb7 13.Bf4 Ne5 14.Bxe5 Qxe5 15.d6 Bxg2
16.dxe7 Bxf1 17.exf8=Q+ Rxf8 18.Qxf1 Qxb2 19.Qxa6 Rb8 20.Qc4 Qe5 21.Qd4 Qxd4
22.Nxd4 Ra8 23.Nb5 Kf8 24.Nd6 Nd5 25.Ra3 g6 26.c4 Nc7 27.Ne4 Ne6 28.h4 h5
29.Kg2 Kg7 30.Nc3 Nc5 31.Ra1 Ra6 32.Ra3 Nd3 33.Nd1 Nc5 34.Nc3 Nd3 35.Nd1 Nc5  1/2-1/2

[Event "Pula op"]
[Site "Pula"]
[Date "1990.??.??"]
[Round "1"]
[White "Safranska, Anda"]
[Black "Arakhamia, Ketevan"]
[Result "1-0"]
[WhiteElo "2220"]
[BlackElo "2385"]

1.e4 c5 2.Nf3 Nc6 3.d4 cxd4 4.Nxd4 e6 5.Nc3 d6 6.Bc4 Nf6 7.O-O Be7 8.Be3 O-O
9.Bb3 Na5 10.f4 a6 11.e5 dxe5 12.fxe5 Nd5 13.Nxd5 exd5 14.Nf5 Nc4 15.Qxd5 Nxe3
16.Nxe3 Qxd5 17.Nxd5 Bc5+ 18.Kh1 Bd4 19.Ne7+ Kh8 20.Rae1 Bxb2 21.Rxf7 Bg4
22.e6 Bc3 23.Ref1 Bf6 24.Nf5 Bxf5 25.Rxf5 b5 26.R5xf6 gxf6 27.e7 Rfe8 28.Be6 a5
29.h4 h5 30.Bd7 Kg8 31.Bxe8 Rxe8 32.Rxf6 Rxe7 33.Rf5 Re2 34.Rxb5 Rxc2 35.a4 Rc4
36.Rxh5 Rxa4 37.Kh2 Kg7 38.Kh3 Ra3+ 39.g3 a4 40.Ra5 Ra1 41.Kg4 a3 42.Kg5 a2
43.Ra7+ Kg8 44.g4 Rb1 45.Rxa2 Rb5+ 46.Kg6  1-0

[Event "Pula op"]
[Site "Pula"]
[Date "1990.??.??"]
[Round "1"]
[White "Kuzmina, C C."]
[Black "Antic, Dejan"]
[Result "1/2-1/2"]
[WhiteElo "2100"]
[BlackElo "2330"]

1.e4 c5 2.Nf3 e6 3.d4 cxd4 4.Nxd4 Nc6 5.Nc3 Qc7 6.g3 d6 7.Bg2 Nxd4 8.Qxd4 Nf6
9.O-O Bd7 10.a4 a6 11.h3 Be7 12.Be3 O-O 13.a5 Bc6 14.Qd2 Rac8 15.Rfd1 Qb8
16.Kh2 Rfd8 17.Bb6 Rd7 18.Qe3 Bd8 19.Ba7 Qa8 20.Bd4 Be7 21.f4 Ne8 22.Rd2 Bf6
23.e5 dxe5 24.fxe5 Be7 25.Ne4 Rcd8 26.c3 Nc7 27.Rf1 Bxe4 28.Qxe4 Bc5 29.Qf4 Bxd4
30.Rxd4 Nb5 31.Rb4 Rc7 32.Be4 Rdd7 33.h4 Qd8 34.Rf2 Rc5 35.Bc2 Rcd5 36.Re4 Rd2
37.Ree2 Rxe2 38.Rxe2 Qxa5 39.h5 Qd8 40.h6 f5 41.Bb3 Nc7 42.Qxf5 gxh6 43.Bxe6+ Nxe6
44.Qxe6+ Kg7 45.Qg4+ Kh8 46.e6 Rg7 47.Qd4 Qg5 48.Qf4 Qh5+  1/2-1/2

[Event "Pula op"]
[Site "Pula"]
[Date "1990.??.??"]
[Round "2"]
[White "Kovacevic, Slobodan"]
[Black "Romanishin, Oleg M"]
[Result "0-1"]
[WhiteElo "2360"]
[BlackElo "2525"]

1.e4 c5 2.Nf3 e6 3.d4 cxd4 4.Nxd4 Nc6 5.Nc3 a6 6.Be2 Nge7 7.Bf4 Ng6 8.Nxc6 bxc6
9.Bd6 Bxd6 10.Qxd6 Qe7 11.O-O-O Qxd6 12.Rxd6 Ke7 13.Rhd1 Nf4 14.Bf3 Rb8 15.a4 Nd5
16.exd5 Kxd6 17.Ne4+ Kc7 18.d6+ Kb6 19.a5+ Kxa5 20.c3 Rb5 21.Kc2 Kb6 22.c4 Re5
23.Nc3 c5 24.Na4+ Ka7 25.Kc3 Bb7 26.Bxb7 Kxb7 27.f4 Rh5 28.h3 Kc6  0-1

[Event "Pula op"]
[Site "Pula"]
[Date "1990.??.??"]
[Round "3"]
[White "Angelov, Georgi"]
[Black "Lisenko, Alexander V"]
[Result "0-1"]
[WhiteElo "2335"]
[BlackElo "2360"]

1.e4 c5 2.Nc3 e6 3.Nf3 Nc6 4.d4 cxd4 5.Nxd4 d6 6.Be2 Nf6 7.O-O Be7 8.Kh1 a6
9.f4 Nxd4 10.Qxd4 b6 11.Be3 O-O 12.Rad1 Nd7 13.e5 dxe5 14.fxe5 Qc7 15.Qg4 Nxe5
16.Qg3 f6 17.Bf4 Bb7 18.Bd3 Bd6 19.Rfe1 Rad8 20.Ne4 Nxd3 21.Bxd6 Nxe1 22.Bxc7 Rxd1
23.Qg4 Nf3+  0-1

[Event "Pula tt2"]
[Site "Pula"]
[Date "1990.??.??"]
[Round "3"]
[White "Burnazovic, Ervin"]
[Black "Petrovic, Vojislav"]
[Result "0-1"]
[WhiteElo "2305"]
[BlackElo "2280"]

1.e4 c5 2.Nf3 e6 3.Nc3 Nc6 4.d4 cxd4 5.Nxd4 d6 6.Be3 Nf6 7.Be2 Be7 8.O-O O-O
9.f4 e5 10.fxe5 dxe5 11.Nf5 Bxf5 12.Rxf5 g6 13.Rf2 Nd4 14.Bd3 b5 15.a3 a5
16.Bg5 b4 17.Bxf6 bxc3 18.Bxe7 Qxe7 19.bxc3 Ne6 20.Qe1 Qc5 21.Kh1 Rac8 22.c4 Rb8
23.Rf1 Rb2 24.Qc3 Rfb8 25.g3 h5 26.Rf6 Rb1+ 27.Rf1 Rxa1 28.Qxa1 h4 29.Kg2 Kg7
30.Qc3 Rh8 31.Qb2 hxg3 32.hxg3 Rh5 33.Qb7  0-1

[Event "Pula op"]
[Site "Pula"]
[Date "1990.??.??"]
[Round "4"]
[White "Justin, Matijaz"]
[Black "Romanishin, Oleg M"]
[Result "1/2-1/2"]
[WhiteElo "2330"]
[BlackElo "2525"]

1.e4 c5 2.Nf3 e6 3.d4 cxd4 4.Nxd4 Nc6 5.Nc3 a6 6.Be3 Nf6 7.Qd2 Bb4 8.f3 d5
9.a3 Be7 10.exd5 Nxd5 11.Nxd5 exd5 12.Be2 O-O 13.O-O Re8 14.Rad1 Bf6 15.Rfe1 Bd7
16.Bf2 Qc7 17.Nxc6 bxc6 18.b4 Be5 19.g3 a5 20.f4 Bf6 21.Bf3 axb4 22.axb4 Rxe1+
23.Rxe1 Re8 24.Rxe8+ Bxe8 25.Bd4  1/2-1/2

[Event "Pula op"]
[Site "Pula"]
[Date "1990.??.??"]
[Round "5"]
[White "Dabetic, Radojica"]
[Black "Zmijanac, Dusko"]
[Result "1-0"]
[WhiteElo "2315"]
[BlackElo "2270"]

1.e4 c5 2.Nf3 e6 3.d4 cxd4 4.Nxd4 Nc6 5.Nc3 Qc7 6.Be3 a6 7.Bd3 d6 8.O-O g6
9.f4 Bg7 10.Nf3 Nf6 11.Qe1 Ng4 12.Bd2 b5 13.h3 Nf6 14.Qh4 b4 15.e5 Nd7 16.Ne4 dxe5
17.fxe5 Ncxe5 18.Nxe5 Bxe5 19.Bxb4 Qd8 20.Qxd8+ Kxd8 21.Rxf7 a5 22.Be7+ Kc7
23.Ng5 Bd4+ 24.Kh1 Ne5 25.Rg7 Kb6 26.Be4 Ra7 27.c3 Be3 28.Bf6 Nd7 29.Rxd7 Rxd7
30.Bxh8 Bxg5 31.Bd4+ Kc7 32.g3 Rf7 33.Kg2 Ba6 34.Rd1 Be2 35.Be5+ Kc8 36.Re1 Bb5
37.Bd4 Kd7 38.b3 Be7 39.c4 Bb4 40.Re2 Ba6 41.Be5 Ke7 42.Rf2 Rxf2+ 43.Kxf2 Bc5+
44.Ke2 a4 45.Kd3 axb3 46.axb3 Bb4 47.Bc3 Bd6 48.g4 Bg3 49.b4 e5 50.b5 Bc8
51.b6  1-0

[Event "Pula op"]
[Site "Pula"]
[Date "1990.??.??"]
[Round "5"]
[White "Nikolenko, Oleg"]
[Black "Sveshnikov, Evgeny"]
[Result "1-0"]
[WhiteElo "2385"]
[BlackElo "2515"]

1.e4 c5 2.Nc3 Nc6 3.Nge2 e6 4.d4 cxd4 5.Nxd4 Nf6 6.Ndb5 d6 7.Bf4 e5 8.Bg5 a6
9.Na3 b5 10.Nd5 Be7 11.Bxf6 Bxf6 12.c3 O-O 13.Nc2 Bg5 14.a4 bxa4 15.Rxa4 a5
16.Bc4 Rb8 17.b3 Be6 18.O-O Ne7 19.Qd3 Nxd5 20.Bxd5 Rxb3 21.Bxb3 Bxb3 22.Ra3 a4
23.Na1 Qb6 24.Nxb3 axb3 25.Ra4 Rb8 26.Rb4 Qc7 27.Qc4 Qd8 28.Qxb3 Rc8 29.Rb7 Be7
30.Ra1  1-0

[Event "DEN-ch"]
[Site "Randers"]
[Date "1990.??.??"]
[Round "?"]
[White "Hoiberg, Nina"]
[Black "Nielsen, Uffe V"]
[Result "1-0"]
[WhiteElo "2280"]
[BlackElo "2285"]

1.e4 c5 2.Nf3 e6 3.d4 cxd4 4.Nxd4 Nc6 5.Nc3 Qc7 6.f4 a6 7.Nxc6 bxc6 8.e5 d5
9.exd6 Bxd6 10.Ne4 Be7 11.Bd3 Nf6 12.O-O O-O 13.Be3 c5 14.Nxf6+ Bxf6 15.Qh5 g6
16.Qxc5 Qxc5 17.Bxc5 Rd8 18.Rad1 Bb7 19.b3 Rac8 20.Be3 Bc3 21.Bc4 a5 22.Bb6 Rxd1
23.Rxd1 Be4 24.Bd3 Bd5 25.Kf1 a4 26.bxa4 Ra8 27.Bb5 Be4 28.Rd7 Rc8 29.Rd8+ Rxd8
30.Bxd8 Bxc2 31.a5 Be4 32.a6 Bd4 33.a4 Kf8 34.a5 Be3 35.g3 f5 36.Bb6 Bd2
37.Ke2 Bb4 38.Bd7 Ke7 39.Bc8 Bd6 40.Bb7  1-0

[Event "Reykjavik op"]
[Site "Reykjavik"]
[Date "1990.??.??"]
[Round "1"]
[White "Dolmatov, Sergey"]
[Black "Stefansson, Hannes"]
[Result "1/2-1/2"]
[WhiteElo "2620"]
[BlackElo "2420"]

1.e4 c5 2.Nf3 e6 3.d4 cxd4 4.Nxd4 Nc6 5.Nc3 Qc7 6.Be2 a6 7.O-O Nf6 8.Be3 Bb4
9.Na4 b5 10.Nxc6 dxc6 11.Nc5 Bxc5 12.Bxc5 Nxe4 13.Qd4 Nxc5 14.Qxc5 Bb7 15.Rad1 Qe7
16.Rd6 O-O 17.Rfd1 Rad8 18.Bf3 g6 19.h3 Qc7 20.h4 Rxd6 21.Qxd6 Rc8 22.Qd7 h5
23.Rd3 Kg7 24.Be4 a5 25.f4 b4 26.Qd4+ Kh7 27.Qc5 Kg7 28.Qd4+ Kh7 29.Qc5  1/2-1/2

[Event "Reykjavik op"]
[Site "Reykjavik"]
[Date "1990.??.??"]
[Round "1"]
[White "Einarsson, Halldor"]
[Black "Razuvaev, Yuri S"]
[Result "1-0"]
[WhiteElo "2280"]
[BlackElo "2545"]

1.e4 c5 2.Nf3 e6 3.d4 cxd4 4.Nxd4 Nc6 5.Nc3 a6 6.Be2 Qc7 7.O-O Nf6 8.Kh1 Be7
9.Be3 O-O 10.f4 d6 11.Qe1 Nxd4 12.Bxd4 b5 13.e5 dxe5 14.fxe5 Nd7 15.Ne4 Bb7
16.Bd3 Rad8 17.Qe3 Nxe5 18.Bb6 Rxd3 19.cxd3 Qc2 20.Rad1 Ng4 21.Qg3 f5 22.Rc1 Qxb2
23.Rc7 Bxe4 24.Rxe7 Bd5 25.h3 Qe5 26.Rf4 Qf6 27.Bc5 Rc8 28.hxg4 Rxc5 29.Rxf5 Qa1+
30.Kh2 h6 31.Re8+ Kh7 32.g5 hxg5 33.Rxg5  1-0

[Event "Reykjavik op"]
[Site "Reykjavik"]
[Date "1990.??.??"]
[Round "10"]
[White "Kristjansson, Olafur"]
[Black "Vidarsson, Jon G"]
[Result "1-0"]
[WhiteElo "2215"]
[BlackElo "2290"]

1.e4 c5 2.Nf3 Nc6 3.d4 cxd4 4.Nxd4 e6 5.Nc3 Qc7 6.g3 a6 7.Bg2 Nf6 8.O-O d6
9.Re1 Be7 10.Nxc6 bxc6 11.e5 dxe5 12.Rxe5 Nd5 13.Nxd5 cxd5 14.Bf4 Bd6 15.Qxd5 Bxe5
16.Qc6+ Qxc6 17.Bxc6+ Bd7 18.Bxa8 Bxb2 19.Rb1 Ke7 20.Bb7 Bd4 21.Bxa6 Ra8
22.Bc4 Bc6 23.Bb3 h5 24.Rd1 Rd8 25.c3 Bb6 26.Rxd8 Bxd8 27.Be3 Kd6 28.f4 Ba5
29.Bd4 f6 30.c4 Bb4 31.c5+ Kd7 32.Kf2 Ba3 33.Ke3 h4 34.Kd3 h3 35.Kc3 Bc1
36.Bc4 g5 37.fxg5 Bxg5 38.Bf1 Bg2 39.Bxg2 hxg2 40.Kd3 e5 41.Bg1 Kc6 42.Ke4 f5+
43.Kf3 f4 44.gxf4 Bxf4 45.h4 Kd5 46.h5 Bh6 47.Kxg2 e4 48.a4 Ke6 49.Kf1 Bf4
50.Ke2 Bh6 51.Be3 Bf8 52.Kf2 Bg7 53.Kg3 Bc3 54.Kf4 Kd5 55.Kf5 Ba5 56.h6 Bb4
57.h7 Bc3 58.a5 Kc6 59.a6  1-0

[Event "Reykjavik op"]
[Site "Reykjavik"]
[Date "1990.??.??"]
[Round "11"]
[White "Thorsteinsson, Arnar"]
[Black "Arkell, Keith C"]
[Result "0-1"]
[WhiteElo "2245"]
[BlackElo "2460"]

1.e4 c5 2.Nf3 e6 3.d4 cxd4 4.Nxd4 Nc6 5.Nc3 Qc7 6.Be2 a6 7.O-O Nxd4 8.Qxd4 b5
9.Bf3 Bb7 10.Be3 Ne7 11.Qd2 Ng6 12.Rad1 Be7 13.Bd4 O-O 14.g3 d6 15.a3 Rac8
16.Bg2 Ne5 17.Bxe5 dxe5 18.Qd7 Rfe8 19.Qxc7 Rxc7 20.Rd3 Rec8 21.Rfd1 Kf8
22.Rd7 Ke8 23.Rxc7 Rxc7 24.Rd3 b4 25.axb4 Bxb4 26.Na2 Rxc2 27.Rb3 a5 28.Bf1 Bxe4
29.Nxb4 axb4 30.f3 Bd5 31.Rxb4 Bxf3 32.b3 e4 33.Rc4 Rb2 34.Rc3 g5 35.Bc4 Ke7  0-1

[Event "Rome op"]
[Site "Rome"]
[Date "1990.??.??"]
[Round "2"]
[White "Sanchez Almeyra, Jorge"]
[Black "Barlov, Dragan"]
[Result "0-1"]
[WhiteElo "2380"]
[BlackElo "2520"]

1.e4 c5 2.Nf3 e6 3.d4 cxd4 4.Nxd4 Nc6 5.Nc3 Qc7 6.Be2 a6 7.O-O Nf6 8.Be3 Bb4
9.Nxc6 bxc6 10.Na4 Bd6 11.Nb6 Rb8 12.Nxc8 Rxc8 13.h3 a5 14.Qd3 Bh2+ 15.Kh1 Bf4
16.Bd4 Be5 17.Be3 d5 18.exd5 cxd5 19.c3 O-O 20.Rab1 Bf4 21.Rfc1 Ne4 22.c4 Qe5
23.Bf3 Bxe3 24.Qxe3 Ng3+ 25.Kg1 Qxe3 26.fxe3 dxc4 27.Rc3 Nf5 28.Kf2 Rfd8
29.Ke2 Kf8 30.b4 cxb3 31.Rbxb3 Nd6 32.Rxc8 Rxc8 33.Rb6 Ke7 34.Kd3 Rc5 35.Ra6 h5
36.Ra7+ Kf6 37.Ra6 Nf5 38.Bxh5 Rd5+ 39.Kc3 Nxe3 40.Bf3 Rb5 41.Ra7 Nf5 42.Rb7 Rc5+
43.Kd3 Nd6 44.Ra7 Ke5 45.Ra6 g5 46.Rc6 Rxc6 47.Bxc6 Kf4 48.Kd4 e5+ 49.Kc5 Ne4+
50.Kc4 f5 51.a3 Ng3 52.Kb5 e4 53.Kxa5 e3 54.Bb5 e2 55.Bxe2 Nxe2 56.Kb4 Kg3
57.a4 Nd4 58.Kc5 Nb3+ 59.Kb4 Kxg2 60.Kxb3 f4  0-1

[Event "ARG-ch"]
[Site "San Luis"]
[Date "1990.??.??"]
[Round "10"]
[White "Fiorito, Fabian"]
[Black "Bronstein, Luis"]
[Result "1/2-1/2"]
[WhiteElo "2350"]
[BlackElo "2390"]

1.e4 c5 2.Nf3 e6 3.d4 cxd4 4.Nxd4 Nc6 5.Nc3 Qc7 6.f4 a6 7.Nxc6 Qxc6 8.Bd3 b5
9.Qe2 Bb7 10.Bd2 Rc8 11.a4 b4 12.Nd5 Nf6 13.Nxb4 Bxb4 14.Bxb4 Nxe4 15.Bxe4 Qxe4
16.Qxe4 Bxe4 17.c3 d5 18.O-O f6 19.Rf2 Kf7 20.Rd2 h6 21.Ba3 g5 22.fxg5 hxg5
23.Rc1 e5 24.b3 Rc6 25.c4 dxc4 26.Rxc4 Rxc4 27.bxc4 Rb8 28.Rb2  1/2-1/2

[Event "ARG-ch"]
[Site "San Luis"]
[Date "1990.??.??"]
[Round "12"]
[White "Gomez Baillo, Jorge H"]
[Black "Rubinetti, Jorge A"]
[Result "1/2-1/2"]
[WhiteElo "2430"]
[BlackElo "2445"]

1.e4 c5 2.Nf3 Nc6 3.Nc3 e6 4.d4 cxd4 5.Nxd4 a6 6.Be2 Nge7 7.O-O b5 8.Bf4 Nxd4
9.Qxd4 Nc6 10.Qd3 Be7 11.Qg3 O-O 12.Rad1 Kh8 13.Kh1 f6 14.Bc7 Qe8 15.Rd2 Ra7
16.a3 Qg6 17.Bd6 Qxg3 18.hxg3 Bxd6 19.Rxd6 Kg8 20.Rfd1 Kf7 21.Kg1  1/2-1/2

[Event "Sankt Augustin"]
[Site "Sankt Augustin"]
[Date "1990.??.??"]
[Round "3"]
[White "Forgacs, Gyula"]
[Black "Von Gleich, Alexander"]
[Result "1/2-1/2"]
[WhiteElo "2325"]
[BlackElo "2280"]

1.e4 c5 2.Nf3 e6 3.d4 cxd4 4.Nxd4 Nc6 5.Nc3 Qc7 6.Nxc6 bxc6 7.Bd3 Nf6 8.O-O Be7
9.f4 d6 10.e5 dxe5 11.fxe5 Qxe5 12.Qf3 O-O 13.Qxc6 Ng4 14.Bf4 Qc5+ 15.Qxc5 Bxc5+
16.Kh1 f5 17.Be2 e5 18.Bxg4 fxg4 19.Bxe5 Ba6 20.Rxf8+ Rxf8 21.Rd1 Bb7 22.Bg3 g5
23.Nb5 Be3 24.c4 h5 25.Nc3 h4 26.Be5 Rf5 27.Bb8 Rf2 28.Nd5 Bd4  1/2-1/2

[Event "Sankt Augustin"]
[Site "Sankt Augustin"]
[Date "1990.??.??"]
[Round "5"]
[White "Tischbierek, Raj"]
[Black "Von Gleich, Alexander"]
[Result "1-0"]
[WhiteElo "2440"]
[BlackElo "2280"]

1.e4 c5 2.Nf3 e6 3.d4 cxd4 4.Nxd4 Nc6 5.Nc3 Qc7 6.Be3 a6 7.Qd2 Nf6 8.f3 b5
9.O-O-O Bb7 10.g4 h6 11.Bd3 Nxd4 12.Bxd4 e5 13.Bf2 Bb4 14.Bg3 Rc8 15.a3 Bxc3
16.Qxc3 Qxc3 17.bxc3 d6 18.Kd2 Ke7 19.Rb1 Rc7 20.Rb4 Rhc8 21.a4 bxa4 22.Ra1 Bc6
23.Bxa6 Ra8 24.Bc4 Nd7 25.Bf2 Ra5 26.Kc1 Nc5 27.Kb2 Rc8 28.Ra3 Nd7 29.Bh4+ f6
30.Bf2 h5 31.gxh5 Rh8 32.h4 Rxh5 33.Ra1 f5 34.Rg1 Kf6 35.Be3 f4 36.Bf2 Rh8
37.Ka3 g6 38.Rbb1 Rc8 39.Rbd1 Bxe4 40.Rxd6+ Ke7 41.Re6+ Kd8 42.Rd1 Rxc4 43.Bb6+ Kc8
44.Bxa5 Bf5 45.Re8+ Kb7 46.Re7 Ka6 47.Bb4 Rc7 48.Rd6+ Kb5 49.Rf7  1-0

[Event "Sankt Augustin"]
[Site "Sankt Augustin"]
[Date "1990.??.??"]
[Round "6"]
[White "Wintzer, Joachim"]
[Black "Von Gleich, Alexander"]
[Result "1/2-1/2"]
[WhiteElo "2315"]
[BlackElo "2280"]

1.e4 c5 2.Nf3 e6 3.d4 cxd4 4.Nxd4 Nc6 5.Nc3 Qc7 6.Be2 a6 7.O-O Nf6 8.Be3 Be7
9.f4 d6 10.Qe1 O-O 11.Qg3 Bd7 12.e5 dxe5 13.fxe5 Nxe5 14.Bf4 Bd6 15.Rad1 Qb8
16.Rd3 Ne8 17.Ne4 Bc7 18.Rc3 Nc6 19.Bxc7 Nxd4 20.Bd3 Qa7 21.Nc5 Nxc7 22.Bxh7+ Kxh7
23.Qxg7+ Kxg7 24.Rg3+ Kh8 25.Rh3+ Kg8 26.Rg3+  1/2-1/2

[Event "Santa Clara"]
[Site "Santa Clara"]
[Date "1990.??.??"]
[Round "6"]
[White "Herrera, Irisberto"]
[Black "Zapata, Alonso"]
[Result "0-1"]
[WhiteElo "2410"]
[BlackElo "2480"]

1.e4 c5 2.Nf3 e6 3.d4 cxd4 4.Nxd4 Nc6 5.Nc3 a6 6.Be2 Nge7 7.Be3 Nxd4 8.Bxd4 Nc6
9.Be3 b5 10.O-O Be7 11.f4 Qc7 12.Kh1 Bb7 13.Bf3 O-O 14.Qe1 Rac8 15.Qf2 d6
16.Rad1 Rfd8 17.Rd2 Qb8 18.Qg3 Bf8 19.e5 Ne7 20.Bg4 dxe5 21.fxe5 Ng6 22.Bh5 Be7
23.Bxg6 hxg6 24.Rd4 Rf8 25.Bg5 Bxg5 26.Qxg5 Rc5 27.Rd7 Bc6 28.Rd6 Qxd6  0-1

[Event "Santa Clara"]
[Site "Santa Clara"]
[Date "1990.??.??"]
[Round "8"]
[White "Martin del Campo, Jorge"]
[Black "Zapata, Alonso"]
[Result "0-1"]
[WhiteElo "2465"]
[BlackElo "2480"]

1.e4 c5 2.Nf3 e6 3.d4 cxd4 4.Nxd4 Nc6 5.Nc3 Qc7 6.Be2 a6 7.f4 b5 8.Nxc6 dxc6
9.O-O Bb7 10.Bf3 Nf6 11.Be3 Be7 12.e5 Nd5 13.Nxd5 cxd5 14.c3 O-O 15.Bd4 a5
16.Be2 Ba6 17.f5 exf5 18.Rxf5 b4 19.Bxa6 Rxa6 20.Qf3 Qd7 21.Rf1 Qe6 22.Qd3 Qc8
23.Qf3 Qe6 24.Qd3 Qc8 25.Rh5 Rg6 26.h3 a4 27.Qf3 bxc3 28.bxc3 Qc4 29.Qf2 Qd3
30.Kh1 Qa6 31.Rf5 Qe6 32.Qc2 a3 33.Qf2 Rh6 34.Rf3 Rh4 35.Rb1 Re4 36.Rb6 Qc8
37.Qf1 Qc7 38.Qb5 Re1+ 39.Kh2 Bf6 40.Qxd5 Bxe5+ 41.Bxe5 Qxb6 42.Bd6 Qg1+
43.Kg3 Re2 44.Rf4 Re3+ 45.Kg4 Qe1 46.Kh5 Re6  0-1

[Event "Wch U20"]
[Site "Santiago"]
[Date "1990.??.??"]
[Round "10"]
[White "Pedzich, Dominik"]
[Black "Sinowjew, Juri"]
[Result "1-0"]
[WhiteElo "2405"]
[BlackElo "2260"]

1.e4 c5 2.Nf3 e6 3.d4 cxd4 4.Nxd4 Nc6 5.Nc3 a6 6.Be2 Qc7 7.Be3 Nf6 8.O-O Be7
9.f4 d6 10.a4 O-O 11.Kh1 Rd8 12.Qe1 Nxd4 13.Bxd4 e5 14.Be3 exf4 15.Bd4 Be6
16.Rxf4 d5 17.Qf2 Nxe4 18.Nxe4 dxe4 19.Rf1 f5 20.Bb6 Qxc2 21.Bxd8 Rxd8 22.Qb6 Qc8
23.Rd1 Rxd1+ 24.Bxd1 Bc5 25.Qa5 g5 26.Rf1 Bc4 27.Qc3 b5 28.Bb3 Qe6 29.Bxc4 bxc4
30.Qh3 g4 31.Qh5 e3 32.Rxf5 e2 33.Qxg4+ Qg6 34.Qxg6+  1-0

[Event "Wch U20"]
[Site "Santiago"]
[Date "1990.??.??"]
[Round "13"]
[White "Moutousis, Konstantinos"]
[Black "Sinowjew, Juri"]
[Result "1-0"]
[WhiteElo "2390"]
[BlackElo "2260"]

1.e4 c5 2.Nf3 e6 3.d4 cxd4 4.Nxd4 Nc6 5.Nc3 a6 6.Be2 Qc7 7.O-O Nf6 8.Be3 Be7
9.f4 d6 10.Kh1 O-O 11.Qe1 Nxd4 12.Bxd4 b5 13.a3 Bb7 14.Qg3 Bc6 15.Rae1 Qb7
16.Bd3 Rad8 17.Re3 a5 18.b4 axb4 19.axb4 g6 20.Qh3 Rfe8 21.Rg3 e5 22.fxe5 Nxe4
23.Bxe4 Bxe4 24.Rxf7 h5 25.e6 Qa8 26.Qxh5  1-0

[Event "GRE-ch"]
[Site "Serres"]
[Date "1990.??.??"]
[Round "8"]
[White "Kanavarakis, D."]
[Black "Tsorbatzoglou, Theodoros"]
[Result "0-1"]
[WhiteElo "2200"]
[BlackElo "2210"]

1.e4 c5 2.Nc3 e6 3.Nf3 Nc6 4.d4 cxd4 5.Nxd4 Nf6 6.Be2 Bb4 7.Nxc6 bxc6 8.O-O d5
9.Qd4 Qb6 10.Qe5 O-O 11.Bh6 Ne8 12.Be3 f6 13.Qh5 Qd8 14.exd5 cxd5 15.Rad1 Qe7
16.Nb5 Bd7 17.a3 Bc5 18.Bxc5 Qxc5 19.b4 Qc8 20.Rd4 a6 21.Rh4 Bxb5 22.Qxh7+ Kf7
23.Bh5+ Ke7 24.Re1 Qc3 25.Rd1 Qe5 26.Bxe8 Raxe8 27.Qxg7+ Rf7 28.Qh6 Qg5 29.Qxg5 fxg5
30.Rh6 Rc8 31.Rd2 Rc3 32.Rg6 Rxa3 33.h3 Rf5 34.Rg7+ Kf6 35.Rc7 Re5  0-1

[Event "GRE-ch"]
[Site "Serres"]
[Date "1990.??.??"]
[Round "12"]
[White "Moutousis, Konstantinos"]
[Black "Martidis, Alkis"]
[Result "1/2-1/2"]
[WhiteElo "2390"]
[BlackElo "2300"]

1.e4 c5 2.Nf3 e6 3.d4 cxd4 4.Nxd4 Nc6 5.Nc3 Qc7 6.Be2 a6 7.Be3 b5 8.a3 Bb7
9.O-O Nf6 10.Kh1 Ne5 11.f4 Nc4 12.Bxc4 Qxc4 13.e5 Nd5 14.Nxd5 Qxd5 15.Qe2 Rd8
16.Rad1 Qe4 17.c3 Bc5 18.Nc2 Bd5 19.Qf2 Be7 20.Rd2 O-O 21.Bd4 Bc6 22.Re1 Qg6
23.Re3 f5 24.exf6 Bxf6 25.Qg3 Qxg3 26.hxg3 Be7 27.Be5 Bc5 28.Re1 g6 29.Bd6 Bxd6
30.Rxd6 g5 31.Rd4 a5 32.Kg1 gxf4 33.gxf4 Rf7 34.Re5 Rdf8 35.g3 Rf6 36.Rh5 Rf5
37.Rxf5 Rxf5 38.g4 Rd5 39.Kf2 Kf7 40.Ne3 Rxd4 41.cxd4 Ke7 42.Kg3 Kf6 43.Kh4 Be4
44.Kh5 Kg7 45.b4 axb4 46.axb4 Bd3 47.Kh4 Be4 48.Kg3 Kg6 49.Kf2 d6 50.Kg3 h5
51.gxh5+ Kxh5 52.Kf2 Kg6 53.Ng4 Kf5 54.Ke3 Bd5 55.Nh6+ Kg6 56.Ng4 Kf5 57.Nf2 e5
58.fxe5 dxe5 59.Nd3 exd4+ 60.Kxd4 Bc4 61.Ne5  1/2-1/2

[Event "GRE-ch"]
[Site "Serres"]
[Date "1990.??.??"]
[Round "14"]
[White "Gavrilakis, Nikolaos"]
[Black "Martidis, Alkis"]
[Result "1-0"]
[WhiteElo "2390"]
[BlackElo "2300"]

1.e4 c5 2.Nf3 e6 3.d4 cxd4 4.Nxd4 Nc6 5.Nc3 Qc7 6.Be2 a6 7.O-O Nf6 8.Be3 Be7
9.f4 d6 10.Qe1 O-O 11.Rd1 Nxd4 12.Bxd4 e5 13.fxe5 dxe5 14.Qg3 Bc5 15.Bxc5 Qxc5+
16.Kh1 Nd7 17.Rd5 Qc7 18.a4 f6 19.Qe3 b6 20.Rfd1 a5 21.Rd6 Kh8 22.Bb5 Nc5
23.Rc6 Qa7 24.Rdd6 f5 25.Rxb6 Nxe4 26.Nxe4 fxe4 27.Qxe4 Bd7 28.h3 Bxb5 29.axb5 Rae8
30.Kh2 Re7 31.Re6 Ref7 32.Qxe5 a4 33.c4 a3 34.bxa3 Qxa3 35.Rb8 h6 36.Rxf8+ Qxf8
37.Re8  1-0

[Event "UKR-ch"]
[Site "Simferopol"]
[Date "1990.??.??"]
[Round "?"]
[White "Brodsky, Michail"]
[Black "Frolov, Artur"]
[Result "1-0"]
[WhiteElo "2290"]
[BlackElo "2485"]

1.e4 c5 2.Nf3 e6 3.d4 cxd4 4.Nxd4 Nc6 5.Nc3 d6 6.Be3 a6 7.Be2 Nge7 8.Nb3 Ng6
9.a4 b6 10.O-O Be7 11.f4 O-O 12.Rf2 Qc7 13.Bd3 Bf6 14.Qh5 Nb4 15.Nd4 Bxd4
16.Bxd4 e5 17.fxe5 dxe5 18.Be3 Be6 19.Bf1 Rfd8 20.Rd1 Rxd1 21.Qxd1 Rd8 22.Rd2 Rxd2
23.Qxd2 Nf8 24.Nd5 Nxd5 25.exd5 Bc8 26.c4 a5 27.b4 axb4 28.Qxb4 Nd7 29.Qe7 Ba6
30.c5 Bxf1 31.d6 Qc8 32.c6 Nf8 33.d7 Qxc6 34.Qxf8+ Kxf8 35.d8=Q+  1-0

[Event "Wch U16"]
[Site "Singapore"]
[Date "1990.??.??"]
[Round "?"]
[White "Topalov, Veselin"]
[Black "Miladinovic, Igor"]
[Result "1-0"]
[WhiteElo "2495"]
[BlackElo "2360"]

1.e4 c5 2.Nf3 e6 3.d4 cxd4 4.Nxd4 Nc6 5.Nc3 a6 6.Be2 Qc7 7.O-O Nf6 8.Be3 Be7
9.f4 d6 10.Qe1 O-O 11.Qg3 Bd7 12.Nf3 b5 13.e5 Ne8 14.Rad1 f5 15.exf6 Nxf6
16.Ng5 d5 17.Qh3 h6 18.Nxe6 Qc8 19.f5 Bxe6 20.fxe6 d4 21.Bxh6 dxc3 22.Bxg7 Kxg7
23.Rf5 Nh7 24.Rh5 Ng5 25.Qxc3+ Kg6 26.Rd7 Rf5 27.g4 Nd4 28.Qxd4  1-0

[Event "Hungaroil"]
[Site "Siofok"]
[Date "1990.??.??"]
[Round "1"]
[White "Tolnai, Tibor"]
[Black "Fogarasi, Tibor"]
[Result "1/2-1/2"]
[WhiteElo "2480"]
[BlackElo "2400"]

1.e4 c5 2.Nf3 e6 3.d4 cxd4 4.Nxd4 Nc6 5.Nc3 Qc7 6.Be3 a6 7.Qd2 b5 8.O-O-O Nf6
9.f3 Bb7 10.Kb1 b4 11.Na4 d5 12.Nxc6 Bxc6 13.Nb6 Rd8 14.exd5 Nxd5 15.Nxd5 Rxd5
16.Bd3 Be7 17.Bf4 Qb6 18.Qe2 a5 19.h4 O-O 20.Bg5 Qc7 21.Bxe7 Qxe7 22.Qe4 g6
23.h5 Rfd8 24.Qe2 Qf6  1/2-1/2

[Event "Hungaroil"]
[Site "Siofok"]
[Date "1990.??.??"]
[Round "4"]
[White "Gurevich, Vladimir"]
[Black "Horvath, Jozsef"]
[Result "1/2-1/2"]
[WhiteElo "2450"]
[BlackElo "2540"]

1.e4 c5 2.Nf3 e6 3.d4 cxd4 4.Nxd4 Nc6 5.Nc3 Qc7 6.Be2 a6 7.O-O Nf6 8.Be3 Bb4
9.Na4 O-O 10.Nxc6 bxc6 11.Qd3 d5 12.exd5 cxd5 13.c4 Bd6 14.h3 Bb7 15.cxd5 Nxd5
16.Rfc1 Qe7 17.Nc5 Bf4 18.Nxb7 Qxb7 19.Bf3 Bxe3 20.fxe3 Rfd8 21.b3 Qa7 22.Re1 g6
23.Rad1 Rac8 24.Qd4 Qb8 25.Bxd5 Rxd5 26.Qf4 Qxf4  1/2-1/2

[Event "Hungaroil"]
[Site "Siofok"]
[Date "1990.??.??"]
[Round "10"]
[White "Tolnai, Tibor"]
[Black "Horvath, Csaba"]
[Result "1-0"]
[WhiteElo "2480"]
[BlackElo "2480"]

1.e4 c5 2.Nf3 e6 3.d4 cxd4 4.Nxd4 Nc6 5.Nc3 Qc7 6.f4 a6 7.Nxc6 bxc6 8.e5 f5
9.Qh5+ g6 10.Qf3 d5 11.exd6 Bxd6 12.Be3 Nf6 13.O-O-O Rb8 14.Bc4 Rb4 15.Bb3 c5
16.a3 Rb8 17.Rhe1 Kf7 18.Bc4 Re8 19.Kb1 Bb7 20.Qf1 Qc6 21.Bc1 Bc7 22.g3 Rbd8
23.Rxd8 Bxd8 24.b3 Nd5 25.Bb2 Ba5 26.Nxd5 exd5 27.Rxe8 Kxe8 28.Bd3 Qe6 29.Be5 Kd7
30.Qe2 Bc7 31.Bxc7 Qxe2 32.Bxe2 Kxc7 33.Bf3 Bc6 34.Kb2 a5 35.c3 Kd6 36.b4 axb4
37.cxb4 c4 38.Be2 Ba4 39.Kc3 Bb5 40.Bf3 Bc6 41.Kd4 Ba4 42.b5 c3 43.Kxc3 Bxb5
44.Kd4 Bc6 45.h4  1-0